Państwa według ich godła #1 - Statystyki

Ogólne statystyki
  • Ten quiz został rozwiązany 360 razy
  • Średni wynik to 14 z 18
Statystyki odpowiedzi
Obrazkowy Odpowiedź % Poprawnych
Korea Południowa
98%
Niemcy
97%
Islandia
96%
Stany Zjednoczone
96%
Hiszpania
93%
Chiny
92%
Grecja
89%
Nepal
88%
Iran
82%
Afganistan
80%
Izrael
79%
Bangladesz
68%
Tajwan
67%
Irlandia
63%
Mongolia
62%
Laos
54%
Malezja
33%
Papua-Nowa Gwinea
26%
Nie znaleziono quizów pasujących do podanych kryteriów
Rozkład punktacji
Procent ludzi z każdym wynikiem
Percentyl według liczby udzielonych odpowiedzi
Twoja historia wyników
Nie rozwiązałeś tego quizu